000 00498nam a2200181Ia 4500
008 151018s9999 xx 000 0 und d
082 _bRBASDV44343
_a891.433
100 _aजयप्रकाश कदम
245 _aछप्पर
250 _b1
260 _bराहुल
_c2003
300 _a119
600 _aजयप्रकाश कदम
630 _aछप्पर
700 _aजयप्रकाश कदम
730 _aछप्पर
942 _cBOOK
999 _c1043540
_d1043537